| 000 | 01069nam a22002537a 4500 | ||
|---|---|---|---|
| 005 | 20170124102950.0 | ||
| 010 | _aA-581888 | ||
| 020 | _c00.00 | ||
| 035 | _aA-581888 | ||
| 037 | _bCen Lib/Ret | ||
| 040 |
_aDPL _bHN |
||
| 082 |
_a822 _bहरिश |
||
| 100 |
_aहरिश्चन्द्र, भारतेन्दु _949449 |
||
| 245 |
_aसत्यहरिश्चन्द्र / _cभारतेन्दु हरिश्चन्द्र |
||
| 246 |
_aSatyaharishchandra / _bby Bhartendu Harishchnadra |
||
| 260 |
_aजयपुर _bसाहित्यासागर _c1989 |
||
| 270 |
_bजयपुर _e302003 _aएम्. एम्. एस. हाईवे |
||
| 300 |
_a100पृ. : _c20सेमी(सजिल्द) _bसचित्र |
||
| 650 |
_aहिंदी साहित्य _951354 |
||
| 650 |
_aहिंदी साहित्य -- नाटक _951355 |
||
| 650 |
_aHindi literature _951356 |
||
| 650 |
_aHindi literature -- Drama _951357 |
||
| 942 |
_2ddc _cHN _h822 _mहरिश |
||
| 999 |
_c113256 _d113256 |
||